000 002490000a22000970004500
100 1 _aBazak, Jacob
245 1 0 _aNumerical devices in biblical today
300 _a38, Num. 3 (Julio, 1988), Páginas 333-337
773 0 _tVetus Testamentum
942 _cANA
999 _c57425
_d57425